| 000 | 01267nam a22003497a 4500 | ||
|---|---|---|---|
| 003 | CHAP | ||
| 005 | 20220329143037.0 | ||
| 008 | 051014d2004 mx a r 00110 spa d | ||
| 010 | _a91134 | ||
| 011 | _a92106 | ||
| 035 | _a102669 | ||
| 040 | _cCHAP | ||
| 090 | _aTesis | ||
| 100 | 0 | 0 |
_aSoto Escobar, Martín. _9108867 |
| 245 | 1 | 0 |
_aModelación y análisis de las secuencias de movimiento de un brazo mecánico de tres grados de libertad _c/por Martín Soto Escobar |
| 260 |
_aMéxico, D. F. : _bEl autor, _c2005. |
||
| 300 |
_a91 h. : _bilus. |
||
| 502 | _aTesis (M. en Ingeniería (Sistemas Mecánicos) ) - - UNAM. División de Ingeniería Facultad de Ingeniería | ||
| 590 |
_aALEPH _b10 _c20130110 _lUCH01 _h1506 |
||
| 590 |
_aBATCH-UPD _b10 _c20130110 _lUCH01 _h0320 |
||
| 590 |
_aBATCH-UPD _b10 _c20130110 _lUCH01 _h2039 |
||
| 590 |
_aBATCH-UPD _b10 _c20130409 _lUCH01 _h2353 |
||
| 590 |
_aBATCH-UPD _b10 _c20130914 _lUCH01 _h0940 |
||
| 590 |
_aCONVERSION _b10 _c20130109 _lUCH01 _h1350 |
||
| 650 | 1 | 4 |
_aCircuitos eléctricos. _923358 |
| 650 | 1 | 4 |
_aRobótica. _998139 |
| 901 | _aBK | ||
| 905 | _aElisama A. H. | ||
| 942 | _cFOLL | ||
| 949 |
_aTesis _bBC _cTES _d102669 _eTS1 _h43902 _i102669 _sb |
||
| 949 |
_aTesis _bBC _cTES _d33724000962015 _eTS2 _fc.2 _h43903 _i102669 _sb |
||
| 999 |
_c91134 _d91134 |
||